| 000 | 00865nam a22002415i 4500 | ||
|---|---|---|---|
| 001 | 176862 | ||
| 003 | ES-MaACL | ||
| 005 | 20250825062633.0 | ||
| 008 | 110215s1957 sp a |||| | spa d | ||
| 080 | _a531(091) | ||
| 080 | _a087.5 | ||
| 100 | 1 |
_aHogben, Lancelot. _963977 |
|
| 245 | 1 | 0 |
_a25000 años de mecánica _b: hombres, músculos y máquinas a través de los siglos / _cpor Lancelot Hogben ; traducción del inglés por Ernesto Mascaró. |
| 260 |
_aBarcelona : _bDaimon, _c1957. |
||
| 300 |
_a69 p. : _bil. col. ; _c33 cm. |
||
| 490 | 1 |
_aEnciclopedia juvenil del siglo XX ; _v5 |
|
| 650 | 0 | 4 |
_aMecánica- _vHistoria. _9145206 |
| 655 | 7 |
_aLibros infantiles _2tgfbne _9226786 |
|
| 700 | 1 |
_aMascaró, Ernesto. _978682 |
|
| 830 | 0 |
_aEnciclopedia juvenil del siglo XX ; _v5 _9190275 |
|
| 852 |
_aES-MaACL _jE-14314 _xOlim P-1064 |
||
| 999 |
_c176862 _d176862 |
||